Kurz skupinového kariérového poradenství na školách /

Hlavní autor: Vosmik, Miroslav
Jazyk: Čeština
Vydáno: Praha : Raabe, [2021]
Edice: Dobrá škola. Výchovné a kariérové poradenství
Témata:
Fyzický popis: 196 stran : ilustrace ; 30 cm
Knihy
Uloženo v:
LEADER 02324cam a2200637 i 4500
001 nkc20213368485
003 CZ PrNK
005 20220316125458.0
007 ta
008 211115t20212021xr a e f 000 0 cze d
015 |a cnb003368485 
020 |a 978-80-7496-476-3  |q (brožováno) 
035 |a (OCoLC)1302727507 
040 |a ULG001  |b cze  |d OLA001  |e rda 
072 7 |a 331  |x Práce  |2 Konspekt  |9 4 
080 |a 331.548  |2 MRF 
080 |a 37.048  |2 MRF 
080 |a 37.018.4  |2 MRF 
080 |a 373.3  |2 MRF 
080 |a 373.5+377  |2 MRF 
080 |a (072)  |2 MRF 
080 |a (076.1)  |2 MRF 
100 1 |a Vosmik, Miroslav  |7 jx20100512016  |4 aut 
245 1 0 |a Kurz skupinového kariérového poradenství na školách /  |c Miroslav Vosmik 
246 1 4 |a Kurz skupinového kariérového poradenství :  |b kroky k volbě povolání 
264 1 |a Praha :  |b Raabe,  |c [2021] 
264 4 |c ©2021 
300 |a 196 stran :  |b ilustrace ;  |c 30 cm 
336 |a text  |b txt  |2 rdacontent 
337 |a bez média  |b n  |2 rdamedia 
338 |a svazek  |b nc  |2 rdacarrier 
490 1 |a Dobrá škola. Výchovné a kariérové poradenství ;  |v 4 
504 |a Obsahuje bibliografii a bibliografické odkazy 
650 0 7 |a profesní poradenství  |7 ph124627  |2 czenas 
650 0 7 |a školní poradenství  |7 ph811123  |2 czenas 
650 0 7 |a vzdělávací kurzy  |7 ph262225  |2 czenas 
650 0 7 |a základní školy  |7 ph116795  |2 czenas 
650 0 7 |a střední školy  |7 ph116320  |2 czenas 
650 0 9 |a vocational counseling  |2 eczenas 
650 0 9 |a school counseling  |2 eczenas 
650 0 9 |a educational courses  |2 eczenas 
650 0 9 |a elementary schools  |2 eczenas 
650 0 9 |a secondary schools  |2 eczenas 
655 7 |a metodické příručky  |7 fd132826  |2 czenas 
655 7 |a pracovní listy  |7 fd250497  |2 czenas 
655 9 |a methodological manuals  |2 eczenas 
655 9 |a activity pages  |2 eczenas 
830 0 |a Dobrá škola.  |p Výchovné a kariérové poradenství  |0 s 
910 2 |a BOA001  |b 4-1479.972 
920 |a 016020003794430  |z ULG001 
928 9 |a Josef Raabe 
990 |a BK 
995 |a 01 
991 |b 202202  |c NOV 
996 6 |b 2610892338  |c 4-1479.972  |l MZK  |r Sklad / do 1 hodiny  |n 6  |p p.v.  |w 001875646  |u 000010  |a 1  |e BOA001  |j MZK50  |s P 
996 7 |b 2610892975  |c 4-1479.972  |l Vol.výběr  |r VV 0p  |n 3  |p kup  |h 37 VOS  |w 001875646  |u 000020  |a 0  |e BOA001  |j MZK50  |s A